Loading...
Hindi ke pauranik natak /
| Main Author: | |
|---|---|
| Format: | Printed Book |
| Language: | Hindi |
| Subjects: |
| LEADER | 00432nam a2200133Ia 4500 | ||
|---|---|---|---|
| 008 | 150624b xxu||||| |||| 00| d hin d | ||
| 082 | |a 862.009 | ||
| 100 | |a Johny, M. | ||
| 245 | |c M. Johny |a Hindi ke pauranik natak / | ||
| 546 | |a In Hindi. | ||
| 650 | |v Drama | ||
| 942 | |c BK | ||
| 999 | |c 92592 |d 92592 | ||
| 952 | |0 0 |1 0 |4 2 |6 862_009000000000000_JOS_H_H |7 0 |9 92534 |a UL |b UL |c ST1 |d 1998-09-15 |l 1 |o 862.009 JOS/H H |p 67791 |r 2017-08-12 |s 2017-07-19 |w 2012-10-27 |y BK | ||